| 000 | 00458nam a22001817a 4500 | ||
|---|---|---|---|
| 003 | NUST - PNEC | ||
| 005 | 20170116180904.0 | ||
| 008 | 150902b xxu||||| |||| 00| 0 eng d | ||
| 020 | _a0471592749 | ||
| 040 | _cLIBRARY | ||
| 082 | _a620.106 FOX | ||
| 100 |
_96517 _aFox, Robert W. |
||
| 245 |
_aIntroduction to fluid mechanics _cRobert W. Fox |
||
| 250 | _aFourth Edition | ||
| 260 | _cc.1994 | ||
| 650 |
_96519 _aFluid mechanics _xME |
||
| 942 |
_2ddc _cBK |
||
| 999 |
_c65034 _d65034 |
||